[Event "Aberdeen op"]
[Site "Aberdeen"]
[Date "2002.??.??"]
[Round "2"]
[White "Lothian, Robert"]
[Black "Grassie, Duncan"]
[Result "1-0"]
[WhiteElo "2095"]
[BlackElo "1960"]
[PlyCount "45"]
[EventDate "2002.??.??"]
[EventType "swiss"]
[EventRounds "5"]
[EventCountry "SCO"]
[SourceTitle "EXT 2006"]
[Source "ChessBase"]
[SourceDate "2005.11.24"]
[SourceVersion "1"]
[SourceVersionDate "2005.11.24"]
[SourceQuality "1"]

1. d4 Nf6 2. c4 g6 3. Nc3 d5 4. cxd5 Nxd5 5. e4 Nxc3 6. bxc3 Bg7 7. Bc4 c5 8. Ne2 Nc6 9. Be3 cxd4 10. cxd4 0-0 11. 0-0 Bd7 12. Rc1 Rc8 13. Qd2 Qa5 14. Qxa5 Nxa5 15. Bd3 Rxc1 16. Rxc1 Rc8 17. Rxc8+ Bxc8 18. d5 b6 19. Nd4 Bxd4 20. Bxd4 Nb7 21. e5 Nc5 22. Bxc5 bxc5 23. Bb5 1-0

[Event "SCO op"]
[Site "Glasgow"]
[Date "2000.07.21"]
[Round "7"]
[White "Gourlay, Iain"]
[Black "Lothian, Robert"]
[Result "1-0"]
[WhiteElo "2035"]
[BlackElo "2088"]
[PlyCount "105"]
[EventDate "2000.07.??"]
[EventType "swiss"]
[EventRounds "7"]
[EventCountry "SCO"]
[SourceTitle "EXT 2002"]
[Source "ChessBase"]
[SourceDate "2001.11.25"]
[SourceVersion "1"]
[SourceVersionDate "2001.11.25"]
[SourceQuality "1"]

1. Nf3 d6 2. e4 Nf6 3. c3 g6 4. Bd3 Bg7 5. 0-0 0-0 6. Bc2 e5 7. d4 Nbd7 8. Re1 c6 9. Nbd2 Qc7 10. a4 Re8 11. Bb3 Nf8 12. dxe5 dxe5 13. Nc4 Rd8 14. Qc2 Ne8 15. Bg5 Rd7 16. Be3 b6 17. a5 b5 18. Ncd2 Rd8 19. Ng5 Nd6 20. Bc5 Rd7 21. a6 h6 22. Ngf3 Re7 23. Red1 Nd7 24. Bxd6 Qxd6 25. Nc4 Qf6 26. Ne3 Nc5 27. Rd8+ Kh7 28. Rad1 Rd7 29. R8xd7 Bxd7 30. Ba2 Be6 31. b4 Nxa6 32. Rd6 Qe7 33. Rxc6 Nb8 34. Rc5 Nd7 35. Rxb5 Bxa2 36. Qxa2 Nf6 37. Nd5 Nxd5 38. Rxd5 Rc8 39. Qb3 f5 40. Nd2 Qh4 41. Qc2 Qg5 42. Qd3 fxe4 43. Nxe4 Qc1+ 44. Qd1 Qf4 45. Qe2 Rc7 46. g3 Qf5 47. c4 Qc8 48. c5 Qb7 49. Qc4 Qb8 50. b5 Qc8 51. Rd6 Qf5 52. Qd5 Rf7 53. c6 1-0

[Event "SCO op"]
[Site "Glasgow"]
[Date "2000.07.19"]
[Round "5"]
[White "Lothian, Robert"]
[Black "Quinn, David"]
[Result "0-1"]
[WhiteElo "2088"]
[BlackElo "1975"]
[PlyCount "82"]
[EventDate "2000.07.??"]
[EventType "swiss"]
[EventRounds "7"]
[EventCountry "SCO"]
[SourceTitle "EXT 2002"]
[Source "ChessBase"]
[SourceDate "2001.11.25"]
[SourceVersion "1"]
[SourceVersionDate "2001.11.25"]
[SourceQuality "1"]

1. d4 Nf6 2. c4 g6 3. Nc3 Bg7 4. e4 d6 5. f3 0-0 6. Be3 Nc6 7. Nge2 a6 8. Qd2 Rb8 9. h4 e5 10. d5 Na5 11. Ng3 c5 12. h5 Bd7 13. Bd3 b5 14. 0-0-0 bxc4 15. Bb1 Rb4 16. Bh6 Bxh6 17. Qxh6 Qe7 18. Qg5 Nxd5 19. Qxe7 Nxe7 20. Rxd6 Be6 21. hxg6 hxg6 22. Rxa6 Nac6 23. Na4 Rfb8 24. Ne2 Bc8 25. Nxc5 Rxb2 26. Nc3 Bxa6 27. Nxa6 R8b6 28. Nc5 Rxg2 29. Nd7 Rbb2 30. Nf6+ Kg7 31. Ne8+ Kf8 32. Rh8+ Ng8 33. Nd5 Rbf2 34. Ne3 Rg1+ 35. Nd1 Kxe8 36. Rxg8+ Ke7 37. Rc8 Kd7 38. Rf8 Rff1 39. Bc2 Ke7 40. Rc8 Nb4 41. Ba4 c3 0-1